000 00281 a2200121 4500
001 63737
082 _a352.88 OMB
090 _c37715
_d37715
100 _aOmbudsman
245 _aOmbudsman Punjab Annual Report 2009
260 _aLahore
_bOmbudsman Punjab
_c2009
300 _a233
942 _acaenust
_k352.88 OMB
999 _c298810
_d298810